Loading...
| History - European | 0 | 8 | 0 | 0 | 80 | 38 | 55.38 | 2 | 7 | 0.00 | 0.00 |
| History - Other | 0 | 8 | 0 | 1 | 80 | 50 | 81.50 | 3 | 5 | 0.00 | 0.00 |
| Religion | 0 | 5 | 0 | 0 | 50 | 50 | 82.20 | 0 | 3 | 0.00 | 0.00 |
| Science - Chemistry | 0 | 5 | 0 | 1 | 50 | 77 | 97.20 | 0 | 4 | 0.00 | 0.00 |
| History - American | 0 | 3 | 0 | 0 | 30 | 89 | 97.33 | 1 | 2 | 0.00 | 0.00 |
| Mythology | 0 | 3 | 0 | 0 | 30 | 80 | 106.67 | 0 | 2 | 0.00 | 0.00 |
| Literature - European | 0 | 3 | 0 | 0 | 30 | 52 | 97.67 | 1 | 2 | 0.00 | 0.00 |
| History - World | 0 | 3 | 1 | 0 | 25 | 67 | 79.67 | 1 | 2 | 0.00 | 0.00 |
| Social Science | 0 | 2 | 0 | 1 | 20 | 101 | 113.50 | 0 | 0 | 0.00 | 0.00 |
| Fine Arts - Painting and Sculpture | 0 | 2 | 0 | 2 | 20 | 135 | 138.50 | 0 | 0 | 0.00 | 0.00 |
| Science - Biology | 0 | 2 | 0 | 0 | 20 | 121 | 121.50 | 0 | 1 | 0.00 | 0.00 |
| Fine Arts - Other | 0 | 2 | 0 | 0 | 20 | 94 | 105.50 | 0 | 2 | 0.00 | 0.00 |
| Philosophy | 0 | 2 | 0 | 0 | 20 | 92 | 105.50 | 0 | 2 | 0.00 | 0.00 |
| Current Events | 0 | 1 | 0 | 0 | 10 | 106 | 106.00 | 0 | 0 | 0.00 | 0.00 |
| Literature - World | 0 | 1 | 1 | 0 | 5 | 125 | 125.00 | 0 | 0 | 0.00 | 0.00 |
| Literature - American | 0 | 0 | 0 | 0 | 0 | 0.00 | 0 | 0 | 0.00 | 0.00 | |
| Literature - British | 0 | 0 | 1 | 0 | -5 | 0.00 | 0 | 0 | 0.00 | 0.00 |